Colossus - Tyler, the Creator (lyrics) - Statistics

General Stats
  • This quiz has been taken 134 times
    121 since last reset
  • The average score is 304 of 494
Answer Stats
Lyrics % Correct
a
100%
i
99%
i"
99%
n*****
99%
can
97%
flags
97%
said
97%
six
97%
to
97%
we
97%
"no"
96%
no
96%
(no
96%
when
96%
up
95%
an
93%
came
93%
get
93%
pic?"
93%
and
92%
f*gs
92%
the
92%
my
91%
they
91%
go
89%
shit
89%
goblin,
88%
he
88%
is
88%
went
88%
who
88%
yonkers
86%
fuck
85%
i'm
85%
im
85%
be
84%
don't
84%
dont
84%
like
84%
"ayo
82%
"oh
82%
ass
81%
hear
81%
it
81%
it's
81%
so
81%
wolfgang,
81%
though"
80%
her
78%
asshole
77%
wanna
77%
now
74%
on
74%
sitting
72%
was
72%
you
72%
there
70%
with
70%
posing
69%
travis
69%
me
68%
me?
68%
fucking
66%
smile
66%
fake
65%
in
64%
"but
61%
but
61%
titties
61%
tyler
61%
cause
59%
devon
59%
try
59%
all
58%
because
58%
churro?
58%
just
58%
were
58%
see
57%
that
57%
then
57%
your
57%
bitch
55%
"hey
55%
annoyed
54%
goliath
54%
kid
54%
buy
53%
by
53%
of
53%
photo
53%
you're
53%
bastard
51%
bullied
51%
got
51%
hero
51%
not
51%
some
51%
heard
50%
missed
50%
riot
50%
drawn
49%
radicals
49%
box
47%
give
47%
last
47%
part
47%
top
47%
trying
47%
used
47%
even
46%
for
46%
surrounded
46%
until
46%
beat
45%
didn't
45%
father
45%
heat
45%
right
45%
say
45%
about
43%
ever
43%
song
43%
think
43%
tryna
43%
would
43%
bleed
42%
going
42%
happiest
42%
logo
42%
talking
42%
yours
42%
cock
41%
have
41%
life
41%
moment
41%
pop
41%
caused
39%
forgot
39%
know
39%
summer
39%
what
39%
em
38%
i'll
38%
inspiration
38%
lyrics
38%
stop
38%
them
38%
back
36%
beats
36%
condom
36%
course
36%
ears
36%
fuckers
36%
gun
36%
hound
36%
love
36%
must
36%
noticed
36%
one
36%
pogo
36%
they're
36%
school
35%
boxes
34%
edge
34%
first
34%
guarantee
34%
loco
34%
outside
34%
speaking
34%
thinking
34%
bandwagon
32%
from
32%
problems
32%
25
31%
chord
31%
holding
31%
momma
31%
piano
31%
at
30%
everyone
30%
(that's
30%
that's
30%
play
28%
snare
28%
this
27%
drum
26%
myself
26%
together
26%
basement
24%
could
24%
feet
24%
kick
24%
mean
24%
too
24%
can't
23%
carved
23%
drew
23%
face
23%
predators
23%
air
22%
forearm
22%
guitar
22%
hard
22%
jumped
22%
playing
22%
weird)
22%
weird
22%
carrying
20%
eat
20%
had
20%
hide
20%
roxy
20%
scar
20%
treats
20%
listen
19%
she
19%
xbox
19%
backyard
18%
come
18%
glass
18%
mini
18%
morning
18%
search
18%
shard
18%
(uh)
18%
(uh
18%
wish
18%
straight
16%
built
15%
church
15%
donuts
15%
homo)
15%
if
15%
should've
15%
does
14%
drugs
14%
over
14%
ramp
14%
trip
14%
videos
14%
conversating
12%
instead
12%
killed
12%
roach
12%
shouldn't
12%
took
12%
bugs
11%
either
11%
green
11%
(alright)
9%
neither
4%
raquel
4%
mitt
1%
No matching quizzes found
Score Distribution
Percent of People with Each Score
Percentile by Number Answered
Your Score History
You have not taken this quiz since the last reset